000 01389nam a2200217Ia 4500
003 Ost
005 20260416102356.0
008 260416s9999||||xx |||||||||||||| ||und||
040 _cfsecg
041 _aara
082 _a658.8
100 _aسليماني، نورة
_eمؤلف
245 0 _aمحاضرات في التسويق :
_bمطبوعة موجهة لطلبة السنة الثانية قسم العلوم التجارية /
_c نورة سليماني
260 _aالجزائر
_bجامعة الجزائر3: كلية العلوم الإقتصادية، العلوم التجارية وعلوم التسيير
_c2021
300 _a144 ورقة
_bايضاحات
_c30 سم
504 _aمراجع ص.136
520 _aماهية التسويق و مراحل تطور الفكر التسويقي ، دراسة البيئة التسويقية ، تجزئة السوق بالتطرق الى الاستهداف و التموقع ، دراسة سلوك المستهلك، استراتيجية المنتج ، استراتيجية الترويج ّالاتصالات التسويقية ّ ، استراتيجية التوزيع و أخيرا أنواع التسويق
653 _aالتسويق
710 _aجامعة الجزائر3: كلية العلوم الإقتصادية، العلوم التجارية وعلوم التسيير
_eناشر علمي
942 _cHANDOUT
999 _c41225
_d41225